000
00285nam a2200109Ia 4500
008
171211s9999 xx 000 0 und d
245
_a
Motorcycle Owner's Manual
245
_c
Hugo Wilson
260
_c
1997
650
_x
Hobbies
856
_u
http://down.ebook777.com/064/0789416158.pdf
999
_c
350318
_d
350318